| 000 | 00842cam a22002658i 4500 | ||
|---|---|---|---|
| 005 | 20260203121559.0 | ||
| 006 | m |o d | | ||
| 007 | cr_||||||||||| | ||
| 008 | 210506s2022 nju o 001 0 eng | ||
| 020 | _a9781119889243 | ||
| 020 |
_a9781119889250 _q(epub) |
||
| 020 |
_z9781119889267 _q(ePdf) |
||
| 040 |
_aKABLIB _beng _cKABLIB _erda |
||
| 082 | 0 | 0 |
_a540 _223 _bHEI |
| 100 | 1 |
_aHein, Morris, _eauthor. _915039 |
|
| 245 | 1 | 0 |
_aFoundations of college chemistry / _cMorris Hein, Susan Arena, Cary Willard. |
| 250 | _a16th ed. | ||
| 264 | 1 |
_aHoboken : _bWiley, _cc2022 |
|
| 300 |
_axviii, 602 p. : _bcol. ill. ; _c28 cm. |
||
| 500 | _aIncludes appendix, glossary, index. | ||
| 650 | 0 |
_aChemistry _vTextbooks. _915040 |
|
| 700 | 1 |
_aArena, Susan, _eauthor. _915041 |
|
| 700 | 1 |
_aWillard, Cary, _eauthor. _915042 |
|
| 942 |
_2ddc _cBOOK |
||
| 999 |
_c5962 _d5962 |
||